Представление документа в формате RUSMARC

ПолеНазваниеЗначение
  Тип записи i
  Библиографический уровень m
001 Контрольный номер RU/IS/BASE/292421405
005 Дата корректировки 20201206204631.3
010 Индекс ISBN __
d Цена 217-71
101 Язык документа __
a Язык текста rus
a Язык текста eng
200 Заглавие и сведения об ответственности 1_
a Заглавие Around the world in eighty days
e Сведения, относящиеся к заглавию [2 в 1 : на англ. и рус. яз. : аудиокнига]
f Первые сведения об ответственности Jules Verne ; [текст читают Кирилл Петров (рус. версия), Joseph Samuel Bagley (english version) ; пер. Шевченко К. А.]
b Общее обозначение материала Звукозапись
200 Заглавие и сведения об ответственности __
d Параллельное заглавие Вокруг света за 80 дней
210 Выходные данные __
a Место издания М.
c Издательство ЭКСМО-Сидиком
d Дата издания 2007
215 Физическое описание __
a Объем 1 электрон. опт. диск (Audio CD) (5 ч. 20 мин.)
225 Серия __
a Серия Bilingua
300 Общие примечания __
a Общие примечания AudioCD ; MP3 ; 192 кит/сек. ; 44.1 кГц
323 Примечание о главных создателях, исполнителях, участниках __
a Примечание о главных создателях, исполнителях, участниках Петров, К. (читает)
a Примечание о главных создателях, исполнителях, участниках Bagley, J. S. (читает)
330 Аннотация __
a Аннотация Если вы изучаете английский язык или свободно на нем говорите, у вас есть замечательная возможность на языке оригинала услышать о том, как невозмутимый англичанин на пари обогнул земной шар за 80 дней, а затем проверить свое понимание произведений, прослушав русский перевод.
333 Примечание о целевом назначении __
a Примечание о целевом назначении 12+. Для детей старше 12 лет
606 Тематические рубрики __
a Основная рубрика Художественная литература
606 Тематические рубрики __
a Основная рубрика Литература Европы (произведения)
y Географическая подрубрика Франция
610 Ключевые слова __
a Ключевые слова зарубежная литература; иностранная литература; французская литература; английский язык; изучение языков; иностранные языки; тема путешествий; тема приключений; тема дружбы
686 Индексы других классификаций __
a Классификационный индекс 84(4Фра)-4я04
700 Автор _1
a Фамилия Verne
b Имя J.
g Полное личное имя Jules
4 Код отношения 070
702 Вторичная интеллектуальная ответственность _1
a Фамилия Шевченко
b Имя К. А.
4 Код отношения Переводчик
801 Источник записи _0
a Страна RU
b Организация Муниципальное бюджетное учреждение культуры "Централизованная библиотечная система" г. Сургут (Центральная городская библиотека им. А. С. Пушкина)
g Правила каталогизации КиК/Поспелова
801 Источник записи _1
a Страна RU
b Организация Муниципальное бюджетное учреждение культуры "Централизованная библиотечная система" г. Сургут (Центральная городская библиотека им. А. С. Пушкина)
g Правила каталогизации КиК/Поспелова
852 Данные о местонахождении __
j Шифр хранения 84(4Фра)-4я04
c Каталожный индекс 84(4Фра)-4я04
i Авторский знак V 46
901 Тип документа __
t Тип документа 0
903 Характеристики (МАРС) __
a Дата передачи 20090409
969 Тип издания __
a Тип издания аудиокнига
990 Данные о заказе (DOS) __
j Количество экземпляров (DOS) 2
h N записи в КСУ для Б/У (DOS) 200904